<?xml version="1.0" encoding="UTF-8"?>
<record
    xmlns:xsi="http://www.w3.org/2001/XMLSchema-instance"
    xsi:schemaLocation="http://www.loc.gov/MARC21/slim http://www.loc.gov/standards/marcxml/schema/MARC21slim.xsd"
    xmlns="http://www.loc.gov/MARC21/slim">

  <leader>02381cam a2200325 a 4500</leader>
  <datafield tag="999" ind1=" " ind2=" ">
    <subfield code="c">330311</subfield>
    <subfield code="d">330311</subfield>
  </datafield>
  <controlfield tag="001">12961496</controlfield>
  <controlfield tag="003">NUST</controlfield>
  <controlfield tag="005">20170620121312.0</controlfield>
  <controlfield tag="008">021007s2003    flua     b    001 0 eng  </controlfield>
  <datafield tag="010" ind1=" " ind2=" ">
    <subfield code="a">  2002151530</subfield>
  </datafield>
  <datafield tag="020" ind1=" " ind2=" ">
    <subfield code="a">1574911414 (alk. paper)</subfield>
  </datafield>
  <datafield tag="035" ind1=" " ind2=" ">
    <subfield code="a">(DNLM)101156423</subfield>
  </datafield>
  <datafield tag="040" ind1=" " ind2=" ">
    <subfield code="a">DNLM/DLC</subfield>
    <subfield code="c">DLC</subfield>
    <subfield code="d">DLC</subfield>
  </datafield>
  <datafield tag="042" ind1=" " ind2=" ">
    <subfield code="a">pcc</subfield>
  </datafield>
  <datafield tag="050" ind1="0" ind2="0">
    <subfield code="a">QR46.5</subfield>
    <subfield code="b">.R365 2003</subfield>
  </datafield>
  <datafield tag="060" ind1="1" ind2="0">
    <subfield code="a">QV 778</subfield>
    <subfield code="b">R218 2003</subfield>
  </datafield>
  <datafield tag="082" ind1="0" ind2="0">
    <subfield code="a">615.19 MAR</subfield>
    <subfield code="2">21</subfield>
  </datafield>
  <datafield tag="245" ind1="0" ind2="0">
    <subfield code="a">Rapid microbiological methods in the pharmaceutical industry /</subfield>
    <subfield code="c">edited by Martin C. Easter.</subfield>
  </datafield>
  <datafield tag="260" ind1=" " ind2=" ">
    <subfield code="a">Boca Raton, Fla. :</subfield>
    <subfield code="b">Interpharm/CRC,</subfield>
    <subfield code="c">c2003.</subfield>
  </datafield>
  <datafield tag="300" ind1=" " ind2=" ">
    <subfield code="a">ix, 277 p. :</subfield>
    <subfield code="b">ill. ;</subfield>
    <subfield code="c">27 cm.</subfield>
  </datafield>
  <datafield tag="500" ind1=" " ind2=" ">
    <subfield code="a">H.B</subfield>
  </datafield>
  <datafield tag="504" ind1=" " ind2=" ">
    <subfield code="a">Includes bibliographical references and index.</subfield>
  </datafield>
  <datafield tag="505" ind1="0" ind2=" ">
    <subfield code="a">Historical perspective on methods development / Anthony M. Cundell -- Microbiological methods of the pharmacopoeia : growth and recovery of microorganisms from pharmaceutical manufacturing environments / Klaus Haberer and Marc W. Mittelmann -- Overview of alternative rapid microbiological technologies / Paul J. Newby and Bob Johnson -- Labor-saving devices and automation of traditional methods / Peter Silley and A.N. Sharpe -- ATP bioluminescence and its use in pharmaceutical microbiology / Kirsty Wills -- Impedance / Peter Silley and Fiona Mortimer -- Traditional and automated rapid methods for species identification and typing / Kevin Tyler and Jeffrey M. Farber -- Techniques for detection of specific organisms and potential for DNA-based technologies / Richard Owen -- Alternative technologies and sterility testing / Amy Meszaros -- Limulus endotoxin test / Thomas J. Novitsky and H. Donald Hochstein -- A practical guide to validation / Kirsty Wills -- Regulatory recognition and acceptance / Edward A. Fitzgerald -- New technologies for microbiological assays / Larry J. Kricka.</subfield>
  </datafield>
  <datafield tag="650" ind1=" " ind2="0">
    <subfield code="a">Pharmaceutical microbiology</subfield>
    <subfield code="x">Methodology.</subfield>
    <subfield code="9">2895</subfield>
  </datafield>
  <datafield tag="650" ind1="1" ind2="2">
    <subfield code="a">Microbiological Techniques.</subfield>
    <subfield code="9">2721</subfield>
  </datafield>
  <datafield tag="650" ind1="1" ind2="2">
    <subfield code="a">Technology, Pharmaceutical.</subfield>
    <subfield code="9">2896</subfield>
  </datafield>
  <datafield tag="700" ind1="1" ind2=" ">
    <subfield code="a">Easter, Martin C.</subfield>
    <subfield code="9">2897</subfield>
  </datafield>
  <datafield tag="856" ind1="4" ind2="2">
    <subfield code="3">Publisher description</subfield>
    <subfield code="u">http://www.loc.gov/catdir/enhancements/fy0646/2002151530-d.html</subfield>
  </datafield>
  <datafield tag="906" ind1=" " ind2=" ">
    <subfield code="a">7</subfield>
    <subfield code="b">cbc</subfield>
    <subfield code="c">orignew</subfield>
    <subfield code="d">1</subfield>
    <subfield code="e">ecip</subfield>
    <subfield code="f">20</subfield>
    <subfield code="g">y-gencatlg</subfield>
  </datafield>
  <datafield tag="942" ind1=" " ind2=" ">
    <subfield code="2">ddc</subfield>
    <subfield code="c">BK</subfield>
    <subfield code="k">IESE</subfield>
  </datafield>
  <datafield tag="952" ind1=" " ind2=" ">
    <subfield code="0">0</subfield>
    <subfield code="1">0</subfield>
    <subfield code="2">ddc</subfield>
    <subfield code="4">0</subfield>
    <subfield code="7">0</subfield>
    <subfield code="8">NFIC</subfield>
    <subfield code="a">IESE</subfield>
    <subfield code="b">IESE</subfield>
    <subfield code="c">GEN</subfield>
    <subfield code="d">2017-06-20</subfield>
    <subfield code="l">0</subfield>
    <subfield code="o">615.19 MAR</subfield>
    <subfield code="p">IESE-1154</subfield>
    <subfield code="r">2017-06-20</subfield>
    <subfield code="w">2017-06-20</subfield>
    <subfield code="y">BK</subfield>
  </datafield>
</record>
